| 000 | 00954 a2200265 4500 | ||
|---|---|---|---|
| 003 | OSt | ||
| 005 | 20180116192347.0 | ||
| 008 | 120531t xxu||||| |||| 00| 0 eng d | ||
| 010 | _a 93039105 | ||
| 020 | _a0486279596 : | ||
| 020 | _a9780486279596 | ||
| 040 | _c0 | ||
| 082 | 0 | 0 | _a745.44954 |
| 100 | 1 |
_aPrakash, K. _92831 |
|
| 245 | 1 | 0 |
_aPaisleys and other textile designs from India / _cK. Prakash. |
| 260 |
_aNew York : _bDover Publications, _cc1994. |
||
| 300 |
_a144 p. : _ball ill. ; _c28 cm. |
||
| 440 | 0 |
_aDover pictorial archive series _92832 |
|
| 500 | _aOriginally published as: Impressions. 2nd ed. 1992. | ||
| 650 | 1 | 0 |
_aPaisley design _zIndia _xThemes, motives. _92833 |
| 650 | 1 | 0 |
_aTextile design _zIndia _xThemes, motives. _92834 |
| 856 | 4 | 2 |
_3Publisher description _uhttp://www.loc.gov/catdir/description/dover032/93039105.html |
| 942 |
_aSADA _cBK _k745.44954 PRA 1994 _2ddc |
||
| 999 |
_c352796 _d352796 |
||